|
|
|
|
| LEADER |
01326nam a22002777a 4500 |
| 001 |
33409 |
| 003 |
BD-DhAAL |
| 005 |
20250624105131.0 |
| 008 |
180716t 2006bg a|||| b||| 001 0 ben d |
| 020 |
|
|
|a 9844151902
|
| 040 |
|
|
|a BD-DhAAL
|c BD-DhAAL
|d BD-DhAAL
|
| 082 |
|
|
|a 954.92
|
| 100 |
|
|
|a মুরশিদ, গোলাম.
|9 17722
|
| 245 |
|
|
|a হাজার বছরের বাঙালি সংস্কৃতি /
|c গোলাম মুরশিদ.
|
| 260 |
|
|
|a ঢাকা :
|b অবসর প্রকাশন,
|c ২০০৬.
|
| 300 |
|
|
|a ৫৪৮ পৃষ্ঠা :
|b চিত্র ;
|c ২২ সে.মি.
|
| 504 |
|
|
|6 গ্রন্থপঞ্জিগত নির্দেশিকা ও নিঘন্ট অন্তভূক্ত
|
| 526 |
|
|
|a ARC
|
| 541 |
|
|
|a Department of Architecture
|e 33409
|
| 651 |
|
|
|a Bengal (India)
|x Civilization.
|9 17723
|
| 651 |
|
|
|a Bengal (India)
|x History.
|9 17724
|
| 651 |
|
|
|a Bengal (India)
|x Intellectual life.
|9 17725
|
| 852 |
|
|
|a Department of Architecture
|c General Stacks
|
| 942 |
|
|
|2 ddc
|c BK
|
| 999 |
|
|
|c 39809
|d 39809
|
| 952 |
|
|
|0 0
|1 0
|2 ddc
|4 0
|6 954_920000000000000_MUR
|7 0
|9 63842
|a BRACUL
|b BRACUL
|c GEN
|d 2018-07-16
|e Department of Architecture
|l 3
|m 3
|o 954.92 MUR
|p 3010033409
|r 2025-04-28
|s 2025-04-23
|w 2018-07-16
|y BK
|x Transferred from ARC to BRACUL on 28/12/2023
|